000 00396nam a22001337a 4500
082 _a200 THE
100 _aAmna Noureen
_969404
245 _aTH-SOF-1578-Semantic Analysis of Social Media and Associated Psychotic Behavior
260 _aISLAMABAD
_bNUST COLLEGE OF EME
_c2018
300 _bCD
650 _aMS-CSE-14 MSTHESIS
_969405
700 _aAdvisor Dr. Usman Qamar
_969406
942 _cCF
999 _c576702
_d576702